000 00744nam a2200229Ia 4500
000 01059naaa 00301uu
001 https://directory.doabooks.org/handle/20.500.12854/30159
008 211013s9999 xx 000 0 und d
024 _a10.1515/9783110295252
042 _adc
245 4 _aThe Languages and Linguistics of the New Guinea Area: A Comprehensive Guide
260 _bDe Gruyter
_c2017
520 _aPapuan Languages; Linguistic Typology; Language Contact
540 _aAll rights reserved
653 _aPapuan Languages
700 1 _aPalmer, Bill
700 1 _aPalmer, Bill
856 _uhttps://directory.doabooks.org/handle/20.500.12854/30159
856 _uwww.oapen.org
942 _cE-BOOK
999 _c53697
_d53697